Statistics for Countries of Asia - Two Minute Sprint

Click here to take the quiz!

General Stats

  • This quiz has been taken 8,334 times
  • The average score is 40 of 48

Answers on the Map

Answers color-coded by a green-red scale on the quiz's map according to % correct below.
 

Answer Stats

country% Correct
China
98%
India
96%
Japan
94%
North Korea
92%
Pakistan
92%
South Korea
92%
Iran
91%
Mongolia
91%
Turkey
91%
Iraq
90%
Saudi Arabia
90%
Indonesia
89%
Kazakhstan
88%
Nepal
88%
Thailand
88%
Oman
87%
Vietnam
87%
Yemen
87%
Afghanistan
86%
United Arab
Emirates
86%
Laos
85%
Bangladesh
84%
Israel
84%
Malaysia
84%
Philippines
84%
Sri Lanka
84%
Jordan
83%
Myanmar
83%
Syria
83%
Cambodia
82%
Taiwan
82%
Bhutan
81%
Qatar
81%
Uzbekistan
81%
Turkmenistan
79%
Georgia
78%
Armenia
77%
Azerbaijan
77%
Kuwait
77%
Lebanon
77%
Tajikistan
76%
Kyrgyzstan
75%
Bahrain
71%
Singapore
71%
Cyprus
70%
Brunei
68%
East Timor
66%
Maldives
66%

Score Distribution

Percentile by Number Answered

Percent of People with Each Score

Your Score History

You have not taken this quiz